000 00479nam a2200181Ia 4500
001 13528
005 20260306164807.0
008 260306t2009||||xx |||||||||||||| ||spa||
041 _aESP
082 _a004.6
_bO44
100 _aOlifer, Natalia
_eAUT
245 0 _aRedes de computadoras:
_bprincipios, tecnologías y protocolos para el diseño de redes
260 _c2009
300 _a764 páginas :
_c27 cm.
650 _aGEN
654 _aCCC
942 _cLIB
_dJUS
_fJUS
_2ddc
_n
999 _c13528
_d13528